[Event "Primorsko op-A"]
[Site "Primorsko"]
[Date "2019.09.20"]
[Round "6"]
[White "Shivacheva, Donika"]
[Black "Marholev, Dimitar"]
[Result "0-1"]
[WhiteElo "1874"]
[BlackElo "2135"]
[PlyCount "81"]
[EventDate "2019.09.15"]
[EventType "swiss"]
[EventRounds "9"]
[EventCountry "BUL"]
[SourceTitle "EXT 2020"]
[Source "ChessBase"]
[SourceDate "2019.10.17"]
[SourceVersion "1"]
[SourceVersionDate "2019.10.17"]
[SourceQuality "1"]

1. e4 e5 2. Nf3 Nc6 3. Bc4 Nf6 4. d3 h6 5. 0-0 d6 6. c3 g6 7. d4 Qe7 8. Re1 Bg7 9. Nbd2 0-0 10. Nf1 Bg4 11. Ng3 Bxf3 12. gxf3 Nd7 13. Be3 Kh8 14. f4 Qh4 15. f5 Nf6 16. f3 Nh5 17. Re2 Nf4 18. Rd2 Bf6 19. Kh1 Bg5 20. Qe1 Nh3 21. Rg2 Bxe3 22. Qxe3 Qg5 23. Qe1 Qf4 24. Ne2 Qxf3 25. Qh4 Kh7 26. Bxf7 g5 27. Bg6+ Kg7 28. Qg3 Qxg3 29. hxg3 h5 30. Rh2 g4 31. Bxh5 Rh8 32. Bg6 Nf2+ 33. Kg2 Rxh2+ 34. Kxh2 Nxe4 35. Kg2 Rh8 36. Rg1 Kf6 37. b3 Ne7 38. dxe5+ dxe5 39. c4 Nxg6 40. fxg6 Kxg6 41. Nc1 0-1

[Event "Primorsko op-A"]
[Site "Primorsko"]
[Date "2019.09.18"]
[Round "4"]
[White "Yordanov, Kristian"]
[Black "Shivacheva, Donika"]
[Result "0-1"]
[WhiteElo "1814"]
[BlackElo "1874"]
[PlyCount "62"]
[EventDate "2019.09.15"]
[EventType "swiss"]
[EventRounds "9"]
[EventCountry "BUL"]
[SourceTitle "EXT 2020"]
[Source "ChessBase"]
[SourceDate "2019.10.17"]
[SourceVersion "1"]
[SourceVersionDate "2019.10.17"]
[SourceQuality "1"]

1. e4 e5 2. Nf3 Nc6 3. c3 d5 4. exd5 Qxd5 5. d4 Bg4 6. Be2 0-0-0 7. dxe5 Bxf3 8. Bxf3 Qxe5+ 9. Qe2 Qf6 10. Be3 Nge7 11. 0-0 Nd5 12. Bxd5 Rxd5 13. Nd2 Qg6 14. Rfd1 Bc5 15. Bxc5 Rxc5 16. Nf3 h5 17. b4 Rxc3 18. b5 Nb8 19. Rd2 c6 20. Rad1 cxb5 21. Ne5 Qe6 22. Qxb5 Re8 23. Qa5 Rc7 24. Nf3 Nc6 25. Qxh5 g6 26. Qh4 Rce7 27. h3 Qf5 28. Qc4 Kb8 29. Qb3 g5 30. Rd5 Qf4 31. Rxg5 Nd4 0-1

[Event "EU-ch blitz (Women)"]
[Site "Monte Carlo"]
[Date "2017.10.23"]
[Round "10"]
[White "Alexieva, Silvia"]
[Black "Shivacheva, Donika"]
[Result "1-0"]
[WhiteElo "2288"]
[BlackElo "1957"]
[PlyCount "74"]
[EventDate "2017.10.23"]
[EventType "swiss (blitz)"]
[EventRounds "13"]
[EventCountry "MNC"]
[SourceTitle "CBM 181 Extra"]
[Source "ChessBase"]
[SourceDate "2017.12.12"]
[SourceVersion "1"]
[SourceVersionDate "2017.12.12"]
[SourceQuality "1"]

1. c4 e5 2. Nc3 Nc6 3. g3 g6 4. Bg2 Bg7 5. d3 f5 6. e4 d6 7. Nge2 Nge7 8. Be3 0-0 9. Qd2 Be6 10. Nd5 Bd7 11. 0-0 Nxd5 12. exd5 Ne7 13. f4 c6 14. fxe5 Bxe5 15. d4 Bg7 16. dxc6 bxc6 17. Nc3 Rb8 18. Rae1 Re8 19. b3 Qc7 20. Bh6 a5 21. Bxg7 Kxg7 22. d5 c5 23. Ne2 Ng8 24. Nf4 Nf6 25. Qc3 Kf7 26. h3 Ra8 27. g4 Re5 28. Ne6 Qa7 29. gxf5 gxf5 30. Rxe5 dxe5 31. Qxe5 Rg8 32. Qxf5 Rg6 33. Kh1 Qb8 34. Qf4 Qg8 35. Rf2 Qc8 36. Qh4 h6 37. Be4 Bxe6 1-0

[Event "Wch U18 Girls"]
[Site "Khanty-Mansiysk"]
[Date "2016.10.03"]
[Round "11"]
[White "Shivacheva, Donika"]
[Black "Nguyen, Thanh Thuy Tien"]
[Result "1-0"]
[WhiteElo "2063"]
[BlackElo "1978"]
[PlyCount "75"]
[EventDate "2016.09.22"]
[EventType "swiss"]
[EventRounds "11"]
[EventCountry "RUS"]
[SourceTitle "EXT 2017"]
[Source "ChessBase"]
[SourceDate "2016.10.25"]
[SourceVersion "1"]
[SourceVersionDate "2016.10.25"]
[SourceQuality "1"]

1. e4 c5 2. Nc3 Nc6 3. f4 e6 4. Nf3 Nge7 5. Bb5 d5 6. d3 g6 7. 0-0 Bg7 8. Qe1 0-0 9. Bxc6 Nxc6 10. e5 a6 11. Qf2 b6 12. a4 Bb7 13. Qg3 Nb4 14. Rf2 f6 15. Qh3 Qe7 16. b3 Rac8 17. Bb2 f5 18. d4 c4 19. Rd1 Rc6 20. Nb1 cxb3 21. c3 Rfc8 22. cxb4 Qxb4 23. Ne1 Rc2 24. Qd3 Rxf2 25. Kxf2 Qxa4 26. Nd2 a5 27. Nxb3 Rc4 28. Ra1 Qc6 29. Nd2 Rb4 30. Ba3 Ra4 31. Rc1 Qd7 32. Bd6 Qe8 33. Rc7 Bc6 34. Qa6 Ra2 35. Nef3 Bd7 36. Qb7 Qd8 37. Rxd7 Rxd2+ 38. Ke3 1-0

[Event "Wch U18 Girls"]
[Site "Khanty-Mansiysk"]
[Date "2016.09.25"]
[Round "4"]
[White "Shivacheva, Donika"]
[Black "Uuriintuya, Uurtsaikh"]
[Result "0-1"]
[WhiteElo "2063"]
[BlackElo "2228"]
[PlyCount "46"]
[EventDate "2016.09.22"]
[EventType "swiss"]
[EventRounds "11"]
[EventCountry "RUS"]
[SourceTitle "EXT 2017"]
[Source "ChessBase"]
[SourceDate "2016.10.25"]
[SourceVersion "1"]
[SourceVersionDate "2016.10.25"]
[SourceQuality "1"]

1. e4 c5 2. Nc3 Nc6 3. f4 g6 4. Nf3 Bg7 5. Bb5 Nd4 6. 0-0 a6 7. Bd3 d6 8. Nxd4 cxd4 9. Ne2 Nf6 10. Kh1 e5 11. c3 0-0 12. cxd4 exd4 13. Nxd4 Re8 14. f5 Nxe4 15. fxg6 hxg6 16. Qf3 Ng5 17. Qf2 Qb6 18. Bc4 Bxd4 19. Bxf7+ Kg7 20. Qf4 Rf8 21. Qxg5 Rxf7 22. Re1 Qb5 23. Qh4 Rf1+ 0-1

[Event "EU-ch U18 Girls 26th"]
[Site "Prague"]
[Date "2016.08.22"]
[Round "5"]
[White "Vangsgaard, Freja"]
[Black "Shivacheva, Donika"]
[Result "0-1"]
[WhiteElo "2129"]
[BlackElo "2035"]
[PlyCount "118"]
[EventDate "2016.08.18"]
[EventType "swiss"]
[EventRounds "9"]
[EventCountry "CZE"]
[SourceTitle "CBM 174 Extra"]
[Source "ChessBase"]
[SourceDate "2016.10.10"]
[SourceVersion "1"]
[SourceVersionDate "2016.10.10"]
[SourceQuality "1"]

1. d4 d5 2. c4 c6 3. Nf3 Nf6 4. e3 Bg4 5. Qb3 Qc7 6. Nc3 e6 7. Be2 Nbd7 8. h3 Bh5 9. g4 Bg6 10. Nh4 Be4 11. Nxe4 Nxe4 12. Nf3 Be7 13. Rg1 h6 14. Rg2 Ng5 15. Ng1 Ne4 16. f3 Bh4+ 17. Kd1 Nf2+ 18. Kc2 c5 19. Bd2 cxd4 20. exd4 dxc4 21. Qxc4 Qd8 22. Bc3 Rc8 23. Qb4 Qf6 24. b3 Qg6+ 25. Kb2 Nd3+ 26. Bxd3 Qxd3 27. Rd2 Qa6 28. Rad1 Be7 29. Qa5 Qd6 30. a3 b6 31. Qa6 Qc7 32. Ne2 0-0 33. Qd3 Rfd8 34. Qe3 Nf6 35. Rd3 Nd5 36. Qd2 Bg5 37. Qe1 Ne3 38. Rb1 b5 39. f4 Ng2 40. Qf2 Nxf4 41. Nxf4 Bxf4 42. Rf1 Bd6 43. Qd2 Qe7 44. b4 a5 45. Rdf3 f6 46. h4 Rc4 47. bxa5 b4 48. axb4 Bxb4 49. Bxb4 Rxb4+ 50. Rb3 Rbxd4 51. Qc3 Rxg4 52. a6 Rg2+ 53. Kb1 Qd7 54. Qf3 Qd2 55. Qc3 Qa2+ 56. Kc1 Qxa6 57. Qf3 Qa1+ 58. Rb1 Rc8+ 59. Kd1 Qxb1# 0-1

[Event "Plovdiv ChessBomb op 2nd"]
[Site "Plovdiv"]
[Date "2016.07.14"]
[Round "4"]
[White "Shivacheva, Donika"]
[Black "Vasileva, Cveta"]
[Result "1-0"]
[WhiteElo "1920"]
[BlackElo "1588"]
[PlyCount "67"]
[EventDate "2016.07.12"]
[EventType "swiss"]
[EventRounds "7"]
[EventCountry "BUL"]
[SourceTitle "CBM 173 Extra"]
[Source "ChessBase"]
[SourceDate "2016.08.29"]
[SourceVersion "1"]
[SourceVersionDate "2016.08.29"]
[SourceQuality "1"]

1. e4 e5 2. Nf3 Nc6 3. Bc4 Bc5 4. b4 Bxb4 5. c3 Ba5 6. d4 exd4 7. 0-0 d6 8. Qb3 Be6 9. Bxe6 fxe6 10. Qxe6+ Qe7 11. Qb3 Bb6 12. cxd4 0-0-0 13. Bb2 h6 14. Nbd2 Nf6 15. d5 Ne5 16. Nxe5 dxe5 17. a4 a6 18. Ba3 Bc5 19. Bxc5 Qxc5 20. Rfc1 Qa7 21. Qc2 Ne8 22. Rab1 Rf8 23. Nc4 Rf7 24. Nxe5 Rf6 25. Nc4 Kb8 26. e5 Rf4 27. Na5 Ka8 28. Rxb7 Qd4 29. Nc6 Kxb7 30. Nxd4 Kc8 31. Ne6 Rf7 32. Nxd8 Kxd8 33. d6 cxd6 34. Qc8+ 1-0

[Event "Plovdiv ChessBomb op 2nd"]
[Site "Plovdiv"]
[Date "2016.07.13"]
[Round "2"]
[White "Shivacheva, Donika"]
[Black "Shalamanov, Vladimir"]
[Result "1-0"]
[WhiteElo "1920"]
[BlackElo "1716"]
[PlyCount "139"]
[EventDate "2016.07.12"]
[EventType "swiss"]
[EventRounds "7"]
[EventCountry "BUL"]
[SourceTitle "CBM 173 Extra"]
[Source "ChessBase"]
[SourceDate "2016.08.29"]
[SourceVersion "1"]
[SourceVersionDate "2016.08.29"]
[SourceQuality "1"]

1. e4 e5 2. Nf3 Nc6 3. Bc4 Nf6 4. d3 Be7 5. 0-0 d6 6. h3 Na5 7. Bb3 0-0 8. Be3 Nxb3 9. axb3 a6 10. Nc3 h6 11. Ne2 Be6 12. Ng3 Nh7 13. d4 exd4 14. Nxd4 Bd7 15. Ndf5 Bxf5 16. Nxf5 Nf6 17. Qf3 Kh7 18. Rad1 Qe8 19. Qf4 Ng8 20. h4 Bf6 21. g4 Qe5 22. Qf3 g6 23. Rd5 Qe6 24. Nd4 Qe7 25. g5 Bg7 26. Qg2 h5 27. Ne2 Rae8 28. Ng3 Bxb2 29. Bd2 Bg7 30. f4 c6 31. Rd3 Qd7 32. f5 Be5 33. Nxh5 gxh5 34. Qf3 Nf6 35. gxf6 Rg8+ 36. Kh1 Rg4 37. Bg5 Qd8 38. Rg1 Rxg1+ 39. Kxg1 Bxf6 40. Qxh5+ Kg8 41. Rg3 Bxg5 42. Rxg5+ Kf8 43. Qh6+ Ke7 44. Rg7 Qb6+ 45. Kg2 Qd4 46. Qg5+ Qf6 47. Qg3 Kd7 48. Rg4 Qh6 49. Qd3 Qf6 50. c3 Rh8 51. Qg3 Qh6 52. Rg7 Qf6 53. Rg4 Qh6 54. Kh3 Re8 55. Qf2 Qc1 56. Qf3 Qd2 57. Rg7 Rf8 58. f6 Kc7 59. h5 Qh6 60. Kh4 Kb8 61. Qg4 Qe3 62. Qg5 Qxg5+ 63. Rxg5 Kc7 64. h6 Kd7 65. h7 Rh8 66. Rg7 Ke6 67. Kg5 b5 68. Kh6 Kxf6 69. Rg8 Rxh7+ 70. Kxh7 1-0

[Event "BUL-ch (Women) 65th"]
[Site "Pleven"]
[Date "2016.04.22"]
[Round "5"]
[White "Shivacheva, Donika"]
[Black "Nikolova, Adriana"]
[Result "0-1"]
[WhiteElo "1974"]
[BlackElo "2354"]
[PlyCount "132"]
[EventDate "2016.04.18"]
[EventType "tourn"]
[EventRounds "9"]
[EventCountry "BUL"]
[SourceTitle "CBM 172 Extra"]
[Source "ChessBase"]
[SourceDate "2016.06.21"]
[SourceVersion "1"]
[SourceVersionDate "2016.06.21"]
[SourceQuality "1"]

1. e4 g6 2. d4 Bg7 3. c3 c6 4. Bd3 d5 5. e5 h5 6. Qe2 Nh6 7. Nf3 Nf5 8. Ng5 e6 9. Nh3 c5 10. Bg5 Qb6 11. Nf4 cxd4 12. Bxf5 gxf5 13. 0-0 Nd7 14. Rd1 Bxe5 15. Nxd5 Qd6 16. cxd4 Bxh2+ 17. Kh1 Qxd5 18. Kxh2 Rg8 19. f4 Qe4 20. Qxh5 Nf6 21. Qh3 Ng4+ 22. Kg1 f6 23. Nc3 Qe3+ 24. Qxe3 Nxe3 25. Re1 Nc2 26. Bxf6 Nxa1 27. Rxa1 Kf7 28. Be5 Bd7 29. d5 exd5 30. Nxd5 Rg3 31. Kf2 Rag8 32. Rg1 Bc6 33. Ne3 Be4 34. a3 Ke6 35. Bc3 b5 36. Be5 R3g6 37. Rd1 Ke7 38. Rc1 Rd8 39. Rh1 Rd2+ 40. Ke1 Rd7 41. Kf2 Ke6 42. Rh8 Bxg2 43. Rb8 Bc6 44. Re8+ Kf7 45. Rh8 Be4 46. Rh5 Ke6 47. Rh8 Rb7 48. Re8+ Kf7 49. Rh8 Rbb6 50. Rh7+ Ke8 51. Rh8+ Kd7 52. Rh7+ Ke6 53. Rxa7 Rh6 54. Rg7 b4 55. axb4 Rxb4 56. Ra7 Rh2+ 57. Ke1 Rb3 58. Ra6+ Kd7 59. Ra7+ Ke8 60. Bc3 Rb6 61. Rg7 Ra6 62. Rg8+ Kf7 63. Rg7+ Kf8 64. Nd1 Ra1 65. Rd7 Bf3 66. b3 Rb1 0-1

[Event "Sunny Beach VIP op 1st"]
[Site "Sunny Beach"]
[Date "2015.08.23"]
[Round "6"]
[White "Shivacheva, Donika"]
[Black "Kosturkov, Hristo"]
[Result "1-0"]
[WhiteElo "1878"]
[BlackElo "1696"]
[PlyCount "73"]
[EventDate "2015.08.20"]
[EventType "swiss"]
[EventRounds "7"]
[EventCountry "BUL"]
[SourceTitle "EXT 2016"]
[Source "ChessBase"]
[SourceDate "2015.10.08"]
[SourceVersion "1"]
[SourceVersionDate "2015.10.08"]
[SourceQuality "1"]

1. e4 Nc6 2. Nf3 d5 3. exd5 Qxd5 4. Nc3 Qd8 5. h3 Nf6 6. d4 e6 7. Bg5 Be7 8. Qd2 0-0 9. 0-0-0 a6 10. h4 Nd5 11. Ne4 f6 12. Be3 f5 13. Neg5 h6 14. Nh3 Nxe3 15. Qxe3 Bxh4 16. Bc4 Re8 17. Nxh4 Qxh4 18. Nf4 Qf6 19. Rh3 Na5 20. Be2 Bd7 21. Rg3 g5 22. Nh5 Qe7 23. Qc3 Bb5 24. Bf3 Nc6 25. d5 Nb4 26. Kb1 Nxd5 27. Bxd5 exd5 28. Nf6+ Kf7 29. Nxe8 Rxe8 30. Re3 Qd6 31. Rxe8 Bxe8 32. Re1 Bc6 33. Qh8 d4 34. Qh7+ Kf6 35. Qxh6+ Kf7 36. Qxg5 d3 37. Qxf5+ 1-0

[Event "Sunny Beach VIP op 1st"]
[Site "Sunny Beach"]
[Date "2015.08.20"]
[Round "1"]
[White "Tilicheev, Viacheslav"]
[Black "Shivacheva, Donika"]
[Result "1-0"]
[WhiteElo "2414"]
[BlackElo "1878"]
[PlyCount "51"]
[EventDate "2015.08.20"]
[EventType "swiss"]
[EventRounds "7"]
[EventCountry "BUL"]
[SourceTitle "EXT 2016"]
[Source "ChessBase"]
[SourceDate "2015.10.08"]
[SourceVersion "1"]
[SourceVersionDate "2015.10.08"]
[SourceQuality "1"]

1. e4 e5 2. Nf3 Nc6 3. Nc3 Nf6 4. g3 Bc5 5. Bg2 d6 6. 0-0 0-0 7. d3 a6 8. h3 Bd7 9. Kh2 Ne7 10. Bg5 Ng6 11. d4 exd4 12. Nd5 c6 13. Nxf6+ gxf6 14. Bh6 Re8 15. Nxd4 Qb6 16. Nf5 d5 17. Ne3 Rad8 18. exd5 Be6 19. Qf3 cxd5 20. Qxf6 Bd4 21. Qg5 Qc5 22. c3 Bxe3 23. fxe3 Qe7 24. Rf6 Kh8 25. h4 Rg8 26. Rxg6 1-0

[Event "BUL-ch (Women) 64th"]
[Site "Pleven"]
[Date "2015.04.23"]
[Round "6"]
[White "Shivacheva, Donika"]
[Black "Nikolova, Adriana"]
[Result "0-1"]
[WhiteElo "1840"]
[BlackElo "2333"]
[PlyCount "80"]
[EventDate "2015.04.18"]
[EventType "tourn"]
[EventRounds "10"]
[EventCountry "BUL"]
[SourceTitle "CBM 166 Extra"]
[Source "ChessBase"]
[SourceDate "2015.06.18"]
[SourceVersion "1"]
[SourceVersionDate "2015.06.18"]
[SourceQuality "1"]

1. e4 c5 2. Nc3 Nc6 3. f4 g6 4. Nf3 Bg7 5. Bb5 Nd4 6. 0-0 a6 7. Bc4 b5 8. Bd5 Rb8 9. d3 e6 10. Bb3 Ne7 11. e5 Nxf3+ 12. Qxf3 Bb7 13. Qf2 d6 14. a4 c4 15. dxc4 b4 16. Ne2 dxe5 17. fxe5 0-0 18. Bg5 Bxe5 19. Bh6 Bg7 20. Bxg7 Kxg7 21. c5 Nf5 22. Rad1 Qg5 23. Nd4 Ne3 24. c6 Nxd1 25. Rxd1 Bc8 26. Nf3 Qe7 27. Ne5 Qc7 28. Nd7 Bxd7 29. cxd7 Rfd8 30. Qd4+ Kg8 31. a5 Qxa5 32. Qf6 Qb6+ 33. Kh1 Qc6 34. Qe7 a5 35. Rd6 Qb5 36. h3 a4 37. Bxe6 Qf1+ 38. Kh2 Qf4+ 39. Kh1 fxe6 40. Rxe6 Qf8 0-1

[Event "BUL-ch U20 Girls"]
[Site "Sofia"]
[Date "2015.02.25"]
[Round "6"]
[White "Shivacheva, Donika"]
[Black "Galunova, Tsveta"]
[Result "0-1"]
[WhiteElo "1880"]
[BlackElo "2157"]
[PlyCount "90"]
[EventDate "2015.02.19"]
[EventType "tourn"]
[EventRounds "6"]
[EventCountry "BUL"]
[SourceTitle "CBM 165 Extra"]
[Source "ChessBase"]
[SourceDate "2015.04.21"]
[SourceVersion "1"]
[SourceVersionDate "2015.04.21"]
[SourceQuality "1"]

1. e4 e5 2. Nf3 Nc6 3. Bc4 Bc5 4. b4 Bxb4 5. c3 Ba5 6. d4 d6 7. 0-0 Bb6 8. Ba3 Qf6 9. Bb5 Bd7 10. dxe5 Nxe5 11. Bxd7+ Nxd7 12. Qd5 Ne7 13. Qxb7 0-0 14. Qa6 Nc5 15. Qc4 Ng6 16. Nbd2 Rfe8 17. Rae1 h6 18. Nd4 Nf4 19. Re3 Nd7 20. Rg3 Ne5 21. Qb5 a6 22. Qb3 Bxd4 23. cxd4 Ne2+ 24. Kh1 Nxd4 25. Qd1 c5 26. Bb2 Nec6 27. f4 Rab8 28. Bc3 Na7 29. Qh5 Nab5 30. Ba1 Re6 31. e5 Qf5 32. Qd1 dxe5 33. fxe5 Qxe5 34. Qg4 Rg6 35. Qd7 Rxg3 36. Qxf7+ Kh8 37. hxg3 Qxg3 38. Qh5 Qd3 39. Rf2 Nc3 40. Qe5 Rg8 41. a3 Nd1 42. Bxd4 Nxf2+ 43. Bxf2 Qxd2 44. Bxc5 Rd8 45. Be3 Qe1+ 0-1

[Event "BUL-ch U20 Girls"]
[Site "Sofia"]
[Date "2015.02.23"]
[Round "4"]
[White "Shivacheva, Donika"]
[Black "Nancheva, Doroteya"]
[Result "1/2-1/2"]
[WhiteElo "1880"]
[BlackElo "1816"]
[PlyCount "106"]
[EventDate "2015.02.19"]
[EventType "tourn"]
[EventRounds "6"]
[EventCountry "BUL"]
[SourceTitle "CBM 165 Extra"]
[Source "ChessBase"]
[SourceDate "2015.04.21"]
[SourceVersion "1"]
[SourceVersionDate "2015.04.21"]
[SourceQuality "1"]

1. e4 e5 2. Nf3 Nc6 3. Bc4 Nf6 4. d3 Be7 5. a3 0-0 6. 0-0 d5 7. exd5 Nxd5 8. h3 Be6 9. Re1 Bd6 10. Ng5 Qf6 11. Bxd5 Bxd5 12. Nc3 Ne7 13. Nxd5 Nxd5 14. Qg4 Qg6 15. h4 Nf6 16. Qf3 c6 17. Ne4 Nxe4 18. dxe4 Bc5 19. b4 Bd4 20. c3 Bb6 21. h5 Qe6 22. h6 g6 23. c4 c5 24. Bb2 Rad8 25. b5 f6 26. Qe2 Rd6 27. Rad1 Rfd8 28. Rd5 Bc7 29. Bc3 b6 30. Red1 Kf7 31. R1d3 Kg8 32. Rd1 Kf7 33. Qc2 Qg4 34. f3 Qc8 35. Qa4 Qb7 36. Qc2 Qc8 37. a4 Qb8 38. Qa2 Ke6 39. a5 bxa5 40. Rxd6+ Rxd6 41. Rxd6+ Kxd6 42. Qd2+ Ke7 43. Bxa5 Bxa5 44. Qxa5 Qb6 45. Qa3 Ke8 46. Qa1 Qc7 47. Qa3 Qb6 48. Qa1 Qc7 49. Qa6 Ke7 50. Qa3 Ke8 51. Qa6 Ke7 52. Qa3 Ke8 53. Qa6 Ke7 1/2-1/2